Panoramas contemporáneos de la teoría económica

Gespeichert in:
Bibliographische Detailangaben
Hauptverfasser: Johnson, Harry G (VerfasserIn), Bronfenbrenner, M (VerfasserIn), Holzman, F. D (VerfasserIn), Shackle, G. L. S (VerfasserIn), Mishan, E. J (VerfasserIn)
Format: Buch
Sprache:Spanisch
Veröffentlicht: Madrid Alianza 1970
Schriftenreihe:Alianza Universidad
Schlagworte:
Tags: Tag hinzufügen
Keine Tags, Fügen Sie den ersten Tag hinzu!

MARC

LEADER 00000nam a2200000 a 4500
001 UCR7873
003 CL-VaPUC
008 980519e19700000SP |||||||||||||||||spa|d
082 0 4 |a 330.904  |b JOH  |2 21 
100 |a Johnson, Harry G  |e author  |9 414900 
700 0 |a Bronfenbrenner, M  |e author  |9 409380 
700 0 |a Holzman, F. D  |e author  |9 409381 
700 0 |a Shackle, G. L. S  |e author  |9 409382 
700 0 |a Mishan, E. J  |e author  |9 409383 
245 1 0 |a Panoramas contemporáneos de la teoría económica 
300 |a 3 v 
942 |c BK 
945 |d 19980519 00:00:00  |a crobeson 
260 |a Madrid  |b Alianza  |c 1970 
500 |a v.1: Dinero, interés y bienestar 
500 |a v.2: Crecimiento y desarrollo 
500 |a v.3: Asignación de recursos 
650 0 |a Economía   |9 255568 
650 0 |a Teoría económica  |9 315055 
650 0 |a Historia económica  |9 307218 
650 0 |a Economía financiera  |9 359635 
650 0 |a Crecimiento económico   |9 314037 
650 0 |a Desarrollo económico  |9 259599 
583 |a last modification  |c 19980519 00:00:00  |k Rodrigo Vera 
490 0 |a Alianza Universidad 
999 |c 269452  |d 269450 
952 |0 0  |1 0  |4 0  |6 330_904000000000000_JOH_1970  |7 0  |8 A  |9 303196  |a BIBENE  |b BIBENE  |d 2019-11-20  |h v.1  |i 1997637  |o 330.904 JOH 1970  |p 1997637  |r 2025-01-15  |w 2019-11-20  |y BK  |k ICO 
952 |0 0  |1 0  |4 0  |6 330_904000000000000_JOH_1970  |7 0  |8 A  |9 303197  |a BIBENE  |b BIBENE  |d 2019-11-20  |h v.2  |i 1997645  |o 330.904 JOH 1970  |p 1997645  |r 2025-01-15  |w 2019-11-20  |y BK  |k ICO 
952 |0 0  |1 0  |4 0  |6 330_904000000000000_JOH_1970  |7 0  |8 A  |9 303198  |a BIBENE  |b BIBENE  |d 2019-11-20  |h v.3  |i 1997653  |o 330.904 JOH 1970  |p 1997653  |r 2025-01-15  |w 2019-11-20  |y BK  |k ICO